ALL GTA V CHARACTERS - Statistics

General Stats
  • This quiz has been taken 547 times
  • The average score is 40 of 167
Answer Stats
Picture Answer % Correct
Franklin Clinton
100%
Trevor Phillips
100%
Lester Crest
99%
Michael De Santa
98%
Lamar Davis
96%
Dave Norton
94%
James De Santa
92%
Amanda De Santa
91%
Steven Haines
88%
Tracey De Santa
88%
Bradley Snider
86%
Devin Weston
84%
Ronald Jakowski
82%
Wade Hebert
80%
Martin Madrazo
79%
Harold "Stretch" Joseph
77%
Molly Schultz
74%
Solomon Richards
74%
Denise Clinton
65%
Lazlow Jones
64%
Simeon Yetarian
64%
Chop
63%
Floyd Hebert
62%
Fabien LaRouche
61%
Patricia Madrazo
61%
Wei Cheng
61%
Tao Cheng
58%
Andreas Sanchez
56%
Isiah Friedlander
55%
Elwood O'Neil
52%
Chef
49%
Ferdinand Kerimov
49%
Rocco Pelosi
49%
Tanisha Jackson
46%
Cheng's Translator
44%
Maude Eccles
44%
Johnny Klebitz
41%
Tonya Wiggins
41%
Bigfoot
38%
Dom Beasley
35%
Jesse
35%
Cletus Ewing
34%
Mrs.Phillips
34%
Beverly Felton
32%
D
32%
Paige Harris
32%
Ashley Butler
30%
Kyle Chavis
30%
Barry
29%
Ortega
28%
Mary-Ann Quinn
27%
Rickie Lukens
27%
Debra
25%
Graham
24%
Gustavo Mota
24%
Nigel
23%
Jay Norris
21%
Mime
21%
Casey
20%
United Liberty Paper Contact
20%
Eddie Toh
19%
Impotent Rage
19%
Omega
19%
Patrick McReary
19%
Joe
18%
Josef
18%
Norm Richards
17%
Cris Formage
15%
Josh Bernstein
15%
Karen Daniels
15%
Anton Beaudelaire
14%
Karim Denz
14%
Marnie Allen
14%
Cheetah
13%
Peter Dreyfuss
13%
Ursula
13%
Javier Madrazo
12%
MC Clip
12%
Sapphire
12%
Christian Feltz
11%
Taliana Martinez
11%
Daryl Johns
10%
Hugh Welsh
10%
Infernus
10%
Tahir Javan
10%
Terry Thorpe
10%
Albert Stalley
9%
Al Di Napoli
9%
Clay Simons
9%
Jimmy Boston
9%
Natalia Zverovna
9%
Nikki
9%
Oscar Guzman
9%
Abigail Mathers
8%
Elisa Macallen
8%
Juliet
8%
Karl Abolaji
8%
Leon
8%
Poppy Mitchell
8%
Gianni
7%
Ahron Ward
6%
Antonia Bottino
6%
Fufu
6%
Jordan
6%
Ballas Drug Dealer
5%
Castro Lagano
5%
Clinton
5%
Drunk Couple
5%
Esteban Jimenez
5%
Manuel
5%
Mark Fosterburg
5%
Peach
5%
Willy
5%
Aaron Ingram
4%
Enzo Bonelli
4%
Haines' Pilot
4%
Isaac Penny
4%
Runaway Bride
4%
Space Monkey Street Artist
4%
Tom
4%
Tyler Dixon
4%
Andy Moon
3%
Anita Mendoza
3%
Baygor
3%
Groom In Trouble
3%
Hugh Harrison
3%
Kerry McIntosh
3%
Lacey Jonas
3%
Mariachi
3%
Mrs.Thornill
3%
Princess Georgina
3%
Sasquatch Hunter
3%
Alonzo
2%
Brett Lowrey
2%
Chasity
2%
Donna
2%
Glenn Scoville
2%
Griff
2%
Jackson Skinner
2%
Jane
2%
Jesco White
2%
Joscha
2%
Larry Tupper
2%
Miranda Cowan
2%
Pamela Drake
2%
Ponsonbys Manager
2%
Preacher
2%
Ralph Ostrowski
2%
Saeeda Kadam
2%
Sasquatch Roleplayer
2%
The Three Bankers
2%
Altruist Cult Victim
1%
Bill Binder
1%
Curtis Weaver
1%
Derrick
1%
Drunk Driver
1%
Felipe
1%
Girl Hitchiking
1%
Gray Nicholson
1%
Keyla
1%
Kwak
1%
Lady Of The Best Tailor
1%
Otis
1%
The Lost Fugitive
1%
The Lost Girl
1%
Timm
1%
Walter
1%
No matching quizzes found
Score Distribution
Percent of People with Each Score
Percentile by Number Answered
Your Score History
You have not taken this quiz